000 00332 a2200157 4500
001 57278
020 _a8532252265
040 _cAnchieta - Pituba
100 _aPrieto, Heloisa
240 1 0 _a32 casos de amor
_lpor
245 1 0 _a32 casos de amor
300 _a91
362 0 _a2004
650 4 _aLiteratura juvenil
942 _cBK
999 _c57278
_d57278